Combinatorial mathematics
Gespeichert in:
| Hauptverfasser: | , , , , |
|---|---|
| Format: | Buch |
| Sprache: | Englisch |
| Veröffentlicht: |
Amsterdam
North-Holland
1983
|
| Schriftenreihe: | North-Holland Mathematics Studies, 75
|
| Schlagworte: | |
| Tags: |
Tag hinzufügen
Keine Tags, Fügen Sie den ersten Tag hinzu!
|
MARC
| LEADER | 00000nam a2200000 a 4500 | ||
|---|---|---|---|
| 001 | UCP1085 | ||
| 003 | CL-VaPUC | ||
| 005 | 20250224152545.0 | ||
| 008 | 990326e19830000ne 1 eng d | ||
| 082 | 0 | 4 | |a 511.6 |b BER |2 21 |
| 100 | 1 | |a Berge, Claude |e author |9 619393 | |
| 700 | 1 | |a Bresson, D |e author |9 619394 | |
| 700 | 1 | |a Camion, P |e author |9 619395 | |
| 700 | 1 | |a Maurras, J. F |e author |9 619396 | |
| 700 | 1 | |a Streboul, F |e author |9 619397 | |
| 245 | 1 | 0 | |a Combinatorial mathematics |
| 260 | |a Amsterdam |b North-Holland |c 1983 | ||
| 300 | |a 670 p | ||
| 490 | 0 | |a North-Holland Mathematics Studies, 75 | |
| 583 | |a last modification |c 19990326 00:00:00 |k Rodrigo Vera | ||
| 650 | 0 | 0 | |a Análisis combinatorio |9 269849 |
| 650 | 0 | 7 | |a PERMUTACIONES |2 CL-VaPUC |9 619398 |
| 650 | 0 | 0 | |a Teoría de grafos |9 269886 |
| 650 | 0 | 7 | |a HIPERGRAFOS |2 CL-VaPUC |9 426847 |
| 650 | 0 | 0 | |a Espacios vectoriales |9 21 |
| 650 | 0 | 0 | |a Teoría de grupos |9 270028 |
| 650 | 0 | 0 | |a Congresos |9 257560 |
| 942 | |c BK | ||
| 945 | |a crobeson |d 19990326 00:00:00 | ||
| 546 | |a En Inglés | ||
| 518 | |p International Colloquim on Graph Theory and Combinatorics, 2, Marseille, 14 al 19 de junio de 1981 | ||
| 999 | |c 383375 |d 383373 | ||